Osiedla w Poznaniu - Statystyki

Ogólne statystyki
  • Ten quiz został rozwiązany 28 razy
  • Średni wynik to 8 z 42
Statystyki odpowiedzi
Miasto Osiedle % Poprawnych
Poznań Jeżyce
57%
Poznań Wilda
52%
Poznań Piątkowo
48%
Poznań Rataje
43%
Poznań Górczyn
39%
Poznań Ławica
39%
Poznań Naramowice
39%
Poznań Stare Miasto
39%
Poznań Żegrze
39%
Poznań Junikowo
30%
Poznań Ogrody
30%
Poznań Chartowo
26%
Poznań Grunwald Północ
26%
Poznań Grunwald Południe
26%
Poznań Kiekrz
22%
Poznań Kwiatowe
22%
Poznań Świerczewo
22%
Poznań Winiary
22%
Poznań Głuszyna
17%
Poznań Umultowo
17%
Poznań Wola
17%
Poznań Główna
13%
Poznań Piątkowo Północ
13%
Poznań Stare Winogrady
13%
Poznań Strzeszyn
13%
Poznań Św. Łazarz
13%
Poznań Podolany
9%
Poznań Sołacz
9%
Poznań Stary Grunwald
9%
Poznań Zielony Dębiec
9%
Poznań Antoninek-Zieliniec-Kobylepole
4%
Poznań Krzyżowniki-Smochowice
4%
Poznań Morasko-Radojewo
4%
Poznań Nowe Winogrady Północ
4%
Poznań Starołęka-Minikowo-Marlewo
4%
Poznań Warszawskie-Pomet-Maltańskie
4%
Poznań Fabianowo-Kotowo
0%
Poznań Krzesiny-Pokrzywno-Garaszewo
0%
Poznań Nowe Winogrady Południe
0%
Poznań Nowe Winogrady Wschód
0%
Poznań Ostrów Tumski-Śródka-Zawady-Komandoria
0%
Poznań Szczepankowo-Spławie-Krzesinki
0%
Nie znaleziono quizów pasujących do podanych kryteriów
Rozkład punktacji
Procent ludzi z każdym wynikiem
Percentyl według liczby udzielonych odpowiedzi
Twoja historia wyników
Nie rozwiązałeś tego quizu